[Event "DVM U16w 2023"]
[Site "Magdeburg GER"]
[Date "2023.12.28"]
[Round "3"]
[White "Le, Thao-Linh"]
[Black "Achilles, Rosa"]
[Result "1/2-1/2"]
[Termination "normal"]
[Board "4.4"]
[WhiteElo "1184"]
[BlackElo "1190"]
[WhiteClock "00:06:05"]
[BlackClock "00:50:03"]
[WhiteTeam "TSG Oberschöneweide"]
[BlackTeam "SchachAkademiePaderborn"]
[PlyCount "74"]
[WhiteFideId "16279131"]
[BlackFideId "34630066"]
[EventCountry "GER"]
[EventRounds "7"]
[EventType "team-swiss"]
[EventDate "2023.12.26"]

1. e4 {[%clk 01:30:59]} {[%emt 00:00:01]} e6 {[%clk 01:30:46]} {[%emt
00:00:15]} 2. d4 {[%clk 01:31:21]} {[%emt 00:00:07]} d5 {[%clk 01:31:02]}
{[%emt 00:00:14]} 3. e5 {[%clk 01:31:20]} {[%emt 00:00:31]} c5 {[%clk
01:31:23]} {[%emt 00:00:10]} 4. c3 {[%clk 01:31:17]} {[%emt 00:00:33]} Qb6
{[%clk 01:30:54]} {[%emt 00:00:59]} 5. Nf3 {[%clk 01:30:00]} {[%emt 00:01:46]}
Nc6 {[%clk 01:30:40]} {[%emt 00:00:44]} 6. Bd3 {[%clk 01:28:35]} {[%emt
00:01:55]} cxd4 {[%clk 01:30:51]} {[%emt 00:00:19]} 7. O-O {[%clk 01:26:52]}
{[%emt 00:02:12]} dxc3 {[%clk 01:29:29]} {[%emt 00:01:52]} 8. Nxc3 {[%clk
01:25:19]} {[%emt 00:02:04]} a6 {[%clk 01:28:14]} {[%emt 00:01:46]} 9. a3
{[%clk 01:20:55]} {[%emt 00:04:53]} Qc7 {[%clk 01:25:33]} {[%emt 00:03:11]} 10.
Re1 {[%clk 01:16:17]} {[%emt 00:05:08]} Bc5 {[%clk 01:24:24]} {[%emt 00:01:39]}
11. Bc2 {[%clk 01:10:47]} {[%emt 00:05:59]} h6 {[%clk 01:21:55]} {[%emt
00:02:59]} 12. Be3 {[%clk 01:02:12]} {[%emt 00:09:06]} Bxe3 {[%clk 01:19:11]}
{[%emt 00:03:15]} 13. Rxe3 {[%clk 01:01:53]} {[%emt 00:00:48]} Nge7 {[%clk
01:18:26]} {[%emt 00:01:14]} 14. h4 {[%clk 00:56:46]} {[%emt 00:05:38]} O-O
{[%clk 01:17:28]} {[%emt 00:01:27]} 15. Qd3 {[%clk 00:51:16]} {[%emt 00:06:00]}
g6 {[%clk 01:15:41]} {[%emt 00:02:17]} 16. g4 {[%clk 00:46:57]} {[%emt
00:04:49]} Qd7 {[%clk 01:14:29]} {[%emt 00:01:42]} 17. Ne2 {[%clk 00:44:17]}
{[%emt 00:03:11]} Kg7 {[%clk 01:10:55]} {[%emt 00:04:04]} 18. Nf4 {[%clk
00:35:46]} {[%emt 00:09:01]} Rh8 {[%clk 01:08:44]} {[%emt 00:02:42]} 19. Rae1
{[%clk 00:33:04]} {[%emt 00:03:11]} Na5 {[%clk 01:06:51]} {[%emt 00:02:21]} 20.
Nd2 {[%clk 00:29:17]} {[%emt 00:04:18]} b5 {[%clk 01:04:44]} {[%emt 00:02:37]}
21. b3 {[%clk 00:26:29]} {[%emt 00:03:18]} Nac6 {[%clk 01:03:58]} {[%emt
00:01:17]} 22. b4 {[%clk 00:24:45]} {[%emt 00:02:14]} Bb7 {[%clk 01:02:44]}
{[%emt 00:01:44]} 23. Rg3 {[%clk 00:21:12]} {[%emt 00:04:03]} Qc7 {[%clk
01:00:26]} {[%emt 00:02:47]} 24. Nf3 {[%clk 00:20:22]} {[%emt 00:01:20]} Qd8
{[%clk 00:59:49]} {[%emt 00:00:46]} 25. Bb3 {[%clk 00:15:12]} {[%emt 00:06:02]}
Rc8 {[%clk 00:58:41]} {[%emt 00:01:37]} 26. Nh2 {[%clk 00:13:14]} {[%emt
00:02:28]} Qb6 {[%clk 00:55:53]} {[%emt 00:03:08]} 27. Ree3 {[%clk 00:10:04]}
{[%emt 00:03:50]} Qd4 {[%clk 00:54:25]} {[%emt 00:01:59]} 28. Qxd4 {[%clk
00:05:05]} {[%emt 00:05:29]} Nxd4 {[%clk 00:54:51]} {[%emt 00:00:04]} 29. Rd3
{[%clk 00:05:18]} {[%emt 00:00:17]} Nxb3 {[%clk 00:54:17]} {[%emt 00:01:04]}
30. Rxb3 {[%clk 00:05:45]} {[%emt 00:00:03]} Rhd8 {[%clk 00:53:56]} {[%emt
00:00:51]} 31. Nd3 {[%clk 00:04:57]} {[%emt 00:01:17]} Nc6 {[%clk 00:53:35]}
{[%emt 00:00:50]} 32. Nf3 {[%clk 00:05:17]} {[%emt 00:00:11]} d4 {[%clk
00:52:19]} {[%emt 00:01:47]} 33. Nc5 {[%clk 00:05:27]} {[%emt 00:00:20]} Rc7
{[%clk 00:52:12]} {[%emt 00:00:36]} 34. Kh2 {[%clk 00:05:19]} {[%emt 00:00:39]}
Rd5 {[%clk 00:51:42]} {[%emt 00:00:59]} 35. Rd3 {[%clk 00:05:26]} {[%emt
00:00:24]} Nxe5 {[%clk 00:50:12]} {[%emt 00:01:59]} 36. Nxe5 {[%clk 00:05:41]}
{[%emt 00:00:16]} Rxe5 {[%clk 00:50:10]} {[%emt 00:00:31]} 37. Rxd4 {[%clk
00:06:05]} {[%emt 00:00:07]} Re2 {[%clk 00:50:03]} {[%emt 00:00:35]} 1/2-1/2

[Event "DVM U16w 2023"]
[Site "Magdeburg GER"]
[Date "2023.12.28"]
[Round "3"]
[White "Halas, Neele Zoe"]
[Black "Boronina, Kseniia"]
[Result "1-0"]
[Termination "normal"]
[Board "5.2"]
[WhiteElo "1391"]
[BlackElo "1300"]
[WhiteClock "00:14:12"]
[BlackClock "00:01:12"]
[WhiteTeam "SG Leipzig"]
[BlackTeam "SF Roding"]
[PlyCount "66"]
[WhiteFideId "16287282"]
[BlackFideId "34308768"]
[EventCountry "GER"]
[EventRounds "7"]
[EventType "team-swiss"]
[EventDate "2023.12.26"]

1. e4 {[%clk 01:30:57]} {[%emt 00:00:03]} e5 {[%clk 01:30:55]} {[%emt
00:00:05]} 2. Nf3 {[%clk 01:31:22]} {[%emt 00:00:04]} Nc6 {[%clk 01:31:20]}
{[%emt 00:00:06]} 3. Bc4 {[%clk 01:31:47]} {[%emt 00:00:05]} Be7 {[%clk
01:31:31]} {[%emt 00:00:18]} 4. d3 {[%clk 01:31:28]} {[%emt 00:00:49]} d6
{[%clk 01:31:51]} {[%emt 00:00:11]} 5. h3 {[%clk 01:31:29]} {[%emt 00:00:30]}
Nf6 {[%clk 01:31:34]} {[%emt 00:00:46]} 6. O-O {[%clk 01:31:40]} {[%emt
00:00:18]} O-O {[%clk 01:31:53]} {[%emt 00:00:11]} 7. Re1 {[%clk 01:31:46]}
{[%emt 00:00:25]} Be6 {[%clk 01:31:33]} {[%emt 00:00:50]} 8. Bb3 {[%clk
01:31:28]} {[%emt 00:00:48]} h6 {[%clk 01:29:23]} {[%emt 00:02:41]} 9. c3
{[%clk 01:31:39]} {[%emt 00:00:19]} Na5 {[%clk 01:13:53]} {[%emt 00:16:02]} 10.
Bc2 {[%clk 01:29:49]} {[%emt 00:02:18]} c5 {[%clk 01:13:07]} {[%emt 00:01:16]}
11. d4 {[%clk 01:25:12]} {[%emt 00:05:06]} exd4 {[%clk 01:06:55]} {[%emt
00:06:42]} 12. cxd4 {[%clk 01:25:07]} {[%emt 00:00:35]} d5 {[%clk 01:02:08]}
{[%emt 00:05:18]} 13. e5 {[%clk 01:22:47]} {[%emt 00:02:49]} Nd7 {[%clk
00:55:07]} {[%emt 00:07:32]} 14. Qd3 {[%clk 01:22:00]} {[%emt 00:01:15]} f5
{[%clk 00:48:04]} {[%emt 00:07:34]} 15. exf6 {[%clk 01:10:24]} {[%emt
00:12:07]} Rxf6 {[%clk 00:47:48]} {[%emt 00:00:45]} 16. Ne5 {[%clk 01:09:56]}
{[%emt 00:00:57]} Bf5 {[%clk 00:43:15]} {[%emt 00:05:04]} 17. Qd2 {[%clk
00:46:39]} {[%emt 00:23:46]} Bxc2 {[%clk 00:34:08]} {[%emt 00:09:38]} 18. Qxc2
{[%clk 00:45:05]} {[%emt 00:02:03]} Re6 {[%clk 00:30:19]} {[%emt 00:04:18]} 19.
Qf5 {[%clk 00:41:54]} {[%emt 00:03:42]} Nf8 {[%clk 00:25:36]} {[%emt 00:05:14]}
20. Qf7+ {[%clk 00:39:35]} {[%emt 00:02:48]} Kh7 {[%clk 00:24:13]} {[%emt
00:01:53]} 21. Qf5+ {[%clk 00:35:51]} {[%emt 00:04:13]} Kg8 {[%clk 00:24:36]}
{[%emt 00:00:07]} 22. dxc5 {[%clk 00:26:13]} {[%emt 00:10:08]} Rf6 {[%clk
00:23:13]} {[%emt 00:01:53]} 23. Qc2 {[%clk 00:24:15]} {[%emt 00:02:25]} Rc8
{[%clk 00:21:57]} {[%emt 00:01:48]} 24. b4 {[%clk 00:23:52]} {[%emt 00:00:55]}
Nc6 {[%clk 00:21:21]} {[%emt 00:01:05]} 25. Nxc6 {[%clk 00:21:52]} {[%emt
00:02:30]} Rfxc6 {[%clk 00:21:14]} {[%emt 00:00:37]} 26. Qb3 {[%clk 00:20:28]}
{[%emt 00:01:53]} Kh8 {[%clk 00:17:48]} {[%emt 00:03:57]} 27. Bb2 {[%clk
00:20:25]} {[%emt 00:00:33]} Bf6 {[%clk 00:17:37]} {[%emt 00:00:41]} 28. Bxf6
{[%clk 00:20:18]} {[%emt 00:00:37]} Qxf6 {[%clk 00:17:36]} {[%emt 00:00:32]}
29. Nc3 {[%clk 00:20:24]} {[%emt 00:00:22]} Ng6 {[%clk 00:12:06]} {[%emt
00:06:02]} 30. Nxd5 {[%clk 00:19:58]} {[%emt 00:00:56]} Qg5 {[%clk 00:10:47]}
{[%emt 00:01:49]} 31. Rad1 {[%clk 00:18:49]} {[%emt 00:01:38]} Rf8 {[%clk
00:05:29]} {[%emt 00:05:49]} 32. Qe3 {[%clk 00:16:01]} {[%emt 00:03:15]} Qf5
{[%clk 00:02:04]} {[%emt 00:03:56]} 33. Rd2 {[%clk 00:14:12]} {[%emt 00:02:22]}
Rcc8 {[%clk 00:01:12]} {[%emt 00:01:21]} *

[Event "DVM U16w 2023"]
[Site "Magdeburg GER"]
[Date "2023.12.28"]
[Round "3"]
[White "Schwarzfischer, Ramona"]
[Black "Ottlik, Marie"]
[Result "0-1"]
[Termination "normal"]
[Board "5.3"]
[WhiteElo "988"]
[BlackElo "1452"]
[WhiteClock "01:11:51"]
[BlackClock "00:14:27"]
[WhiteTeam "SF Roding"]
[BlackTeam "SG Leipzig"]
[PlyCount "86"]
[WhiteFideId "16268113"]
[BlackFideId "16281730"]
[EventCountry "GER"]
[EventRounds "7"]
[EventType "team-swiss"]
[EventDate "2023.12.26"]

1. e4 {[%clk 01:30:59]} {[%emt 00:00:01]} c5 {[%clk 01:30:48]} {[%emt
00:00:13]} 2. Nf3 {[%clk 01:31:22]} {[%emt 00:00:06]} d6 {[%clk 01:31:08]}
{[%emt 00:00:10]} 3. d4 {[%clk 01:31:18]} {[%emt 00:00:34]} cxd4 {[%clk
01:31:33]} {[%emt 00:00:04]} 4. Nxd4 {[%clk 01:31:43]} {[%emt 00:00:05]} Nf6
{[%clk 01:31:58]} {[%emt 00:00:05]} 5. Nc3 {[%clk 01:32:04]} {[%emt 00:00:08]}
a6 {[%clk 01:32:21]} {[%emt 00:00:07]} 6. f3 {[%clk 01:32:27]} {[%emt
00:00:07]} e6 {[%clk 01:32:13]} {[%emt 00:00:37]} 7. Be3 {[%clk 01:32:35]}
{[%emt 00:00:23]} b5 {[%clk 01:32:15]} {[%emt 00:00:28]} 8. Qd2 {[%clk
01:29:15]} {[%emt 00:03:50]} Bb7 {[%clk 01:30:59]} {[%emt 00:01:47]} 9. g4
{[%clk 01:28:49]} {[%emt 00:00:56]} Nfd7 {[%clk 01:27:41]} {[%emt 00:03:47]}
10. O-O-O {[%clk 01:27:26]} {[%emt 00:01:53]} Nb6 {[%clk 01:22:56]} {[%emt
00:05:16]} 11. Rg1 {[%clk 01:24:25]} {[%emt 00:03:32]} Qc7 {[%clk 01:18:42]}
{[%emt 00:04:42]} 12. a3 {[%clk 01:23:38]} {[%emt 00:01:18]} d5 {[%clk
01:10:28]} {[%emt 00:08:43]} 13. Bd3 {[%clk 01:21:40]} {[%emt 00:02:28]} N8d7
{[%clk 01:05:57]} {[%emt 00:05:02]} 14. f4 {[%clk 01:20:58]} {[%emt 00:01:12]}
Rc8 {[%clk 00:57:55]} {[%emt 00:08:32]} 15. Rde1 {[%clk 01:20:48]} {[%emt
00:00:41]} Bxa3 {[%clk 00:53:47]} {[%emt 00:04:37]} 16. f5 {[%clk 01:20:19]}
{[%emt 00:00:58]} Qxc3 {[%clk 00:37:30]} {[%emt 00:16:47]} 17. Qxc3 {[%clk
01:19:22]} {[%emt 00:01:27]} Rxc3 {[%clk 00:37:52]} {[%emt 00:00:09]} 18. bxa3
{[%clk 01:19:20]} {[%emt 00:00:31]} e5 {[%clk 00:31:49]} {[%emt 00:06:34]} 19.
Nb3 {[%clk 01:17:41]} {[%emt 00:02:08]} d4 {[%clk 00:27:23]} {[%emt 00:04:56]}
20. Kb2 {[%clk 01:16:40]} {[%emt 00:01:31]} Na4+ {[%clk 00:27:30]} {[%emt
00:00:22]} 21. Kc1 {[%clk 01:16:36]} {[%emt 00:00:33]} dxe3 {[%clk 00:27:43]}
{[%emt 00:00:18]} 22. Rxe3 {[%clk 01:16:45]} {[%emt 00:00:21]} Rc8 {[%clk
00:25:58]} {[%emt 00:02:13]} 23. Rd1 {[%clk 01:16:27]} {[%emt 00:00:52]} Nc3
{[%clk 00:25:03]} {[%emt 00:01:24]} 24. Rd2 {[%clk 01:16:33]} {[%emt 00:00:23]}
Nf6 {[%clk 00:25:12]} {[%emt 00:00:21]} 25. g5 {[%clk 01:16:25]} {[%emt
00:00:38]} Nfxe4 {[%clk 00:25:11]} {[%emt 00:00:31]} 26. Bxe4 {[%clk 01:16:36]}
{[%emt 00:00:19]} Nxe4 {[%clk 00:24:41]} {[%emt 00:01:00]} 27. Rg2 {[%clk
01:16:05]} {[%emt 00:01:00]} Rc7 {[%clk 00:21:35]} {[%emt 00:03:36]} 28. f6
{[%clk 01:15:53]} {[%emt 00:00:42]} g6 {[%clk 00:21:14]} {[%emt 00:00:52]} 29.
Na5 {[%clk 01:14:59]} {[%emt 00:01:24]} Ba8 {[%clk 00:20:41]} {[%emt 00:01:03]}
30. Rb3 {[%clk 01:14:09]} {[%emt 00:01:18]} Nc5 {[%clk 00:19:32]} {[%emt
00:01:41]} 31. Rb1 {[%clk 01:13:47]} {[%emt 00:00:48]} Bxg2 {[%clk 00:19:53]}
{[%emt 00:00:13]} 32. Nc4 {[%clk 01:13:24]} {[%emt 00:00:52]} e4 {[%clk
00:16:50]} {[%emt 00:03:35]} 33. a4 {[%clk 01:13:02]} {[%emt 00:00:52]} Nxa4
{[%clk 00:16:36]} {[%emt 00:00:44]} 34. Nd6+ {[%clk 01:12:53]} {[%emt
00:00:39]} Kd8 {[%clk 00:16:30]} {[%emt 00:00:35]} 35. Rb4 {[%clk 01:12:53]}
{[%emt 00:00:31]} Rd7 {[%clk 00:14:38]} {[%emt 00:02:23]} 36. Rd4 {[%clk
01:12:20]} {[%emt 00:01:01]} Kc7 {[%clk 00:14:34]} {[%emt 00:00:31]} 37. Rd2
{[%clk 01:12:11]} {[%emt 00:00:41]} Bf3 {[%clk 00:14:39]} {[%emt 00:00:26]} 38.
Nxe4 {[%clk 01:12:12]} {[%emt 00:00:28]} Bxe4 {[%clk 00:14:16]} {[%emt
00:00:54]} 39. Re2 {[%clk 01:12:03]} {[%emt 00:00:39]} Bf3 {[%clk 00:14:04]}
{[%emt 00:00:43]} 40. Rd2 {[%clk 01:11:42]} {[%emt 00:00:49]} Rhd8 {[%clk
00:13:53]} {[%emt 00:00:41]} 41. c3 {[%clk 01:11:35]} {[%emt 00:00:36]} Rxd2
{[%clk 00:14:09]} 42. Kb1 {[%clk 01:11:46]} {[%emt 00:00:34]} Rxh2 {[%clk
00:14:32]} {[%emt 00:00:07]} 43. c4 {[%clk 01:11:51]} {[%emt 00:00:25]} Rd1#
{[%clk 00:14:27]} {[%emt 00:00:05]} 0-1

[Event "DVM U16w 2023"]
[Site "Magdeburg GER"]
[Date "2023.12.28"]
[Round "3"]
[White "Amelang, Jamie Alice"]
[Black "Lankes, Selina"]
[Result "1-0"]
[Termination "normal"]
[Board "5.4"]
[WhiteElo "1322"]
[BlackElo "933"]
[WhiteClock "01:04:38"]
[BlackClock "01:26:36"]
[WhiteTeam "SG Leipzig"]
[BlackTeam "SF Roding"]
[PlyCount "101"]
[WhiteFideId "34605754"]
[BlackFideId "34639756"]
[EventCountry "GER"]
[EventRounds "7"]
[EventType "team-swiss"]
[EventDate "2023.12.26"]

1. e4 {[%clk 01:30:59]} {[%emt 00:00:02]} e5 {[%clk 01:30:54]} {[%emt
00:00:06]} 2. Nf3 {[%clk 01:31:21]} {[%emt 00:00:08]} Nc6 {[%clk 01:31:13]}
{[%emt 00:00:11]} 3. Bc4 {[%clk 01:31:45]} {[%emt 00:00:05]} Nf6 {[%clk
01:31:10]} {[%emt 00:00:33]} 4. d3 {[%clk 01:32:03]} {[%emt 00:00:12]} Bc5
{[%clk 01:31:22]} {[%emt 00:00:19]} 5. O-O {[%clk 01:32:12]} {[%emt 00:00:21]}
d6 {[%clk 01:31:34]} {[%emt 00:00:18]} 6. c3 {[%clk 01:32:33]} {[%emt
00:00:09]} Be6 {[%clk 01:31:13]} {[%emt 00:00:51]} 7. Bxe6 {[%clk 01:32:01]}
{[%emt 00:01:02]} fxe6 {[%clk 01:31:30]} {[%emt 00:00:12]} 8. Ng5 {[%clk
01:32:13]} {[%emt 00:00:17]} Qd7 {[%clk 01:31:19]} {[%emt 00:00:41]} 9. Qb3
{[%clk 01:31:04]} {[%emt 00:01:40]} d5 {[%clk 01:31:28]} {[%emt 00:00:22]} 10.
Re1 {[%clk 01:29:31]} {[%emt 00:02:00]} h6 {[%clk 01:31:32]} {[%emt 00:00:28]}
11. Nf3 {[%clk 01:27:10]} {[%emt 00:02:48]} O-O-O {[%clk 01:31:39]} {[%emt
00:00:26]} 12. Qc2 {[%clk 01:24:09]} {[%emt 00:03:30]} Rdg8 {[%clk 01:31:28]}
{[%emt 00:00:42]} 13. exd5 {[%clk 01:22:15]} {[%emt 00:02:24]} exd5 {[%clk
01:31:17]} {[%emt 00:00:42]} 14. Nxe5 {[%clk 01:22:26]} {[%emt 00:00:19]} Nxe5
{[%clk 01:31:40]} {[%emt 00:00:06]} 15. Rxe5 {[%clk 01:21:59]} {[%emt
00:00:57]} Qd6 {[%clk 01:31:26]} {[%emt 00:00:45]} 16. d4 {[%clk 01:19:17]}
{[%emt 00:03:11]} Bb6 {[%clk 01:31:23]} {[%emt 00:00:33]} 17. Qg6 {[%clk
01:09:56]} {[%emt 00:09:51]} Ne4 {[%clk 01:30:17]} {[%emt 00:01:37]} 18. Qxd6
{[%clk 01:04:52]} {[%emt 00:05:34]} cxd6 {[%clk 01:30:23]} {[%emt 00:00:24]}
19. Rxd5 {[%clk 01:04:47]} {[%emt 00:00:34]} Rf8 {[%clk 01:30:13]} {[%emt
00:00:40]} 20. f3 {[%clk 01:04:41]} {[%emt 00:00:35]} Nf6 {[%clk 01:29:24]}
{[%emt 00:01:18]} 21. Rxd6 {[%clk 01:04:37]} {[%emt 00:00:36]} Re8 {[%clk
01:29:32]} {[%emt 00:00:23]} 22. Bf4 {[%clk 01:02:50]} {[%emt 00:02:16]} Nh5
{[%clk 01:28:47]} {[%emt 00:01:15]} 23. Bg3 {[%clk 01:01:38]} {[%emt 00:01:40]}
Re2 {[%clk 01:28:10]} {[%emt 00:01:07]} 24. Na3 {[%clk 01:01:02]} {[%emt
00:01:09]} Rxb2 {[%clk 01:27:41]} {[%emt 00:00:57]} 25. Nc4 {[%clk 01:00:45]}
{[%emt 00:00:49]} Re8 {[%clk 01:27:15]} {[%emt 00:00:55]} 26. Nxb2 {[%clk
01:01:04]} {[%emt 00:00:11]} Ba5 {[%clk 01:26:50]} {[%emt 00:00:55]} 27. Na4
{[%clk 01:00:51]} {[%emt 00:00:43]} Re3 {[%clk 01:26:26]} {[%emt 00:00:51]} 28.
Rc1 {[%clk 00:57:21]} {[%emt 00:03:53]} b5 {[%clk 01:25:16]} {[%emt 00:01:49]}
29. Rd5 {[%clk 00:57:26]} {[%emt 00:00:24]} a6 {[%clk 01:24:55]} {[%emt
00:00:53]} 30. Rxh5 {[%clk 00:57:37]} {[%emt 00:00:18]} bxa4 {[%clk 01:25:01]}
{[%emt 00:00:25]} 31. Rxa5 {[%clk 00:57:57]} {[%emt 00:00:09]} Re2 {[%clk
01:24:41]} {[%emt 00:00:49]} 32. Rxa4 {[%clk 00:58:10]} {[%emt 00:00:19]} g5
{[%clk 01:25:01]} {[%emt 00:00:08]} 33. Re1 {[%clk 00:58:27]} {[%emt 00:00:11]}
Rxe1+ {[%clk 01:23:40]} {[%emt 00:01:53]} 34. Bxe1 {[%clk 00:58:52]} {[%emt
00:00:06]} h5 {[%clk 01:23:58]} {[%emt 00:00:12]} 35. Rxa6 {[%clk 00:59:12]}
{[%emt 00:00:10]} g4 {[%clk 01:23:53]} {[%emt 00:00:35]} 36. Rb6 {[%clk
00:59:32]} {[%emt 00:00:10]} gxf3 {[%clk 01:24:00]} {[%emt 00:00:23]} 37. gxf3
{[%clk 00:59:54]} {[%emt 00:00:09]} h4 {[%clk 01:24:25]} {[%emt 00:00:05]} 38.
a4 {[%clk 01:00:20]} {[%emt 00:00:03]} h3 {[%clk 01:24:30]} {[%emt 00:00:25]}
39. Rb1 {[%clk 01:00:44]} {[%emt 00:00:06]} Kc7 {[%clk 01:24:50]} {[%emt
00:00:09]} 40. a5 {[%clk 01:01:08]} {[%emt 00:00:07]} Kc6 {[%clk 01:25:10]}
{[%emt 00:00:10]} 41. a6 {[%clk 01:01:33]} {[%emt 00:00:05]} Kd5 {[%clk
01:25:08]} {[%emt 00:00:31]} 42. a7 {[%clk 01:01:54]} {[%emt 00:00:09]} Kc4
{[%clk 01:25:35]} {[%emt 00:00:03]} 43. a8=R {[%clk 01:02:15]} {[%emt
00:00:10]} Kd3 {[%clk 01:25:37]} {[%emt 00:00:26]} 44. c4 {[%clk 01:02:01]}
{[%emt 00:00:45]} Kxc4 {[%clk 01:25:40]} {[%emt 00:00:26]} 45. Bh4 {[%clk
01:02:24]} {[%emt 00:00:09]} Kxd4 {[%clk 01:25:46]} {[%emt 00:00:23]} 46. Re1
{[%clk 01:02:50]} {[%emt 00:00:05]} Kd3 {[%clk 01:25:54]} {[%emt 00:00:22]} 47.
Rd8+ {[%clk 01:03:10]} {[%emt 00:00:09]} Kc2 {[%emt 00:00:23]} 48. Re7 {[%clk
01:03:37]} {[%emt 00:00:01]} Kc3 {[%clk 01:26:10]} {[%emt 00:00:24]} 49. Rc7+
{[%clk 01:04:02]} {[%emt 00:00:05]} Kb4 {[%clk 01:26:18]} {[%emt 00:00:21]} 50.
Rb8+ {[%clk 01:04:15]} {[%emt 00:00:17]} Ka5 {[%clk 01:26:36]} {[%emt
00:00:13]} 51. Ra7# {[%clk 01:04:38]} {[%emt 00:00:06]} 1-0